000 00280 a2200145 4500
001 164119
020 _a
040 _cMagnum
100 _a-
240 1 0 _aOs pensadores: bacon
_lpor
245 1 0 _aOs pensadores: bacon
362 0 _a1899
697 _aFILOSOFIA
942 _cBK
999 _c164119
_d164119